| 000 | 00757nam a2200205 i 4500 | ||
|---|---|---|---|
| 001 | 168026 | ||
| 003 | ES-MaACL | ||
| 005 | 20250626210559.0 | ||
| 008 | 051003s1896 fr | |||||||| ||fre d | ||
| 100 | 1 |
_aWuarin, Louis. _9133971 |
|
| 245 | 1 | 3 |
_aLa politique aux États-Unis / _cpar Louis Wuarin. |
| 260 |
_aParis : _bV. Giard & E. Brière, _c1896. |
||
| 300 |
_a58 p. ; _c25 cm. |
||
| 500 | _aDatos tomados de cub. | ||
| 651 | 4 |
_aEstados Unidos- _xPolítica y gobierno- _yS.XIX. _9172072 |
|
| 852 |
_aES-MaACL _jT-748-F-5 _z- Enc. hol., conservando cub. original _z- Donativo del Sr. Azcárate _z- Enc. en un vol. facticio |
||
| 852 |
_aES-MaACL _jFol-Laf-165 _z- Legado de Modesto de la Fuente |
||
| 942 | _2udc | ||
| 999 |
_c168026 _d168026 |
||